Idiomas dos Grandes Impérios Antigos - Statistics

Estatísticas Gerais
  • Esse quiz foi jogado 128 vezes
  • A pontuação média é 15 de 18
Estatísticas das Respostas
Império Idioma % Correto
Califado Abássida Árabe clássico
99%
Império Árabe Árabe clássico
99%
Império Britânico Inglês
99%
Império Japonês Japonês
99%
Império Francês Francês
98%
Império Russo Russo
98%
Império Espanhol Espanhol
97%
Dinastia Tang Chinês clássico
95%
Império Português Português
95%
Império Romano Latim
94%
Império Mongol Mongol
89%
Império Otomano Turco otomano
86%
Império Bizantino Grego
73%
Império Macedônico Grego antigo
73%
Império Sassânida Médio-persa
63%
Império Aquemênida Persa antigo
63%
Império Inca Quéchua
31%
Império Asteca Náuatle
16%
Nenhum quiz correspondente encontrado
Distribuição das Pontuações
Porcentagem de Pessoas com Cada Pontuação
Percentil de Números Respondidos
Sua Pontuação Histórica
Você não jogou esse quiz